000 00462nam a2200133Ia 4500
008 220620s9999||||xx |||||||||||||| ||und||
020 _a9780260000000
245 4 _aThe Cognitive Animal
_bEmpirical and Theoretical Perspectives on Animal Cognition
546 _aEnglish[eng]
650 _aCognition and cognitive psychology
700 _aBekoff, Marc||Allen, Colin||Burghardt, Gordon M.
856 _uhttps://doi.org/10.7551/mitpress/1885.001.0001
942 _cEB
999 _c31041
_d31041